[Event "Dulles Skyline op 3rd"]
[Site "Dulles"]
[Date "2024.10.14"]
[Round "8"]
[White "Sridhar, Yehamandram"]
[Black "Lin, Benjamin2"]
[Result "1-0"]
[WhiteElo "1838"]
[BlackElo "1928"]
[PlyCount "99"]
[EventDate "2024.10.10"]
[EventType "swiss"]
[EventRounds "9"]
[EventCountry "USA"]
[SourceTitle "CB43_2024"]
[Source "Chessbase"]
[SourceDate "2024.10.23"]
[SourceVersion "1"]
[SourceVersionDate "2024.10.23"]
[SourceQuality "1"]

1. Nf3 Nf6 2. g3 g6 3. Bg2 Bg7 4. 0-0 0-0 5. d3 d6 6. e4 c5 7. Nc3 Nc6 8. h3 Rb8 9. Ne1 Nd4 10. Ne2 Ne8 11. c3 Nxe2+ 12. Qxe2 e5 13. Nc2 Be6 14. Be3 f5 15. exf5 gxf5 16. f4 Qc7 17. fxe5 dxe5 18. Qf2 b6 19. b4 cxb4 20. Nxb4 Nf6 21. Na6 Qxc3 22. Nxb8 Rxb8 23. d4 e4 24. Rfc1 Qa3 25. Bf4 Rd8 26. Be5 Bh6 27. Bf4 Bg7 28. Kh1 Nh5 29. Be3 Qd6 30. Kh2 Bxd4 31. Bxd4 Qxd4 32. Qe2 Nxg3 33. Kxg3 f4+ 34. Kh2 f3 35. Bxf3 exf3 36. Qxe6+ Kh8 37. Qg4 Qf2+ 38. Kh1 Rg8 39. Rc2 Qxc2 40. Qd4+ Rg7 41. Qd8+ Rg8 42. Qf6+ Rg7 43. Rg1 Qg2+ 44. Rxg2 fxg2+ 45. Kg1 Kg8 46. h4 Rg6 47. Qd8+ Kf7 48. h5 Rg7 49. h6 Rg8 50. Qd5+ 1-0

[Event "Dulles Skyline op 3rd"]
[Site "Dulles"]
[Date "2024.10.13"]
[Round "6"]
[White "Sridhar, Yehamandram"]
[Black "Gilbert, Walker Wade"]
[Result "1/2-1/2"]
[WhiteElo "1838"]
[BlackElo "1719"]
[PlyCount "68"]
[EventDate "2024.10.10"]
[EventType "swiss"]
[EventRounds "9"]
[EventCountry "USA"]
[SourceTitle "CB43_2024"]
[Source "Chessbase"]
[SourceDate "2024.10.23"]
[SourceVersion "1"]
[SourceVersionDate "2024.10.23"]
[SourceQuality "1"]

1. Nf3 d5 2. g3 c6 3. Bg2 Bg4 4. 0-0 Nf6 5. h3 Bh5 6. d3 e6 7. g4 Bg6 8. Ne5 Bd6 9. Nxg6 hxg6 10. e4 Qc7 11. f4 dxe4 12. dxe4 e5 13. f5 Na6 14. Be3 0-0-0 15. Qe2 Bc5 16. Bxc5 Nxc5 17. Nd2 Rd4 18. Nb3 Nxb3 19. axb3 Rhd8 20. Qe3 Qb6 21. c3 Rd2 22. Qxb6 axb6 23. fxg6 fxg6 24. Ra8+ Kc7 25. Rxd8 Kxd8 26. Rf2 Rxf2 27. Kxf2 Nd7 28. b4 Nf8 29. b5 Ne6 30. b4 Ke7 31. h4 Kd6 32. bxc6 bxc6 33. Bf1 b5 34. Kg3 g5 1/2-1/2

[Event "Dulles Skyline op 3rd"]
[Site "Dulles"]
[Date "2024.10.12"]
[Round "5"]
[White "Diao, Matthew Guo"]
[Black "Sridhar, Yehamandram"]
[Result "1-0"]
[WhiteElo "2106"]
[BlackElo "1838"]
[PlyCount "49"]
[EventDate "2024.10.10"]
[EventType "swiss"]
[EventRounds "9"]
[EventCountry "USA"]
[SourceTitle "CB43_2024"]
[Source "Chessbase"]
[SourceDate "2024.10.23"]
[SourceVersion "1"]
[SourceVersionDate "2024.10.23"]
[SourceQuality "1"]

1. Nf3 Nf6 2. b3 g6 3. g3 Bg7 4. Bb2 d6 5. d4 0-0 6. Bg2 e5 7. dxe5 Ng4 8. Nc3 Nxe5 9. Nxe5 Bxe5 10. Qd2 Nc6 11. 0-0-0 a5 12. h4 a4 13. Nxa4 Bxb2+ 14. Kxb2 Qf6+ 15. Qc3 Qxf2 16. Bxc6 bxc6 17. h5 Bf5 18. Rdf1 Qxe2 19. Re1 Qb5 20. Qf6 h6 21. Nc3 Qc5 22. Re7 Rae8 23. hxg6 Bxg6 24. Rxh6 Bh7 25. Rxh7 1-0

[Event "Dulles Skyline op 3rd"]
[Site "Dulles"]
[Date "2024.10.12"]
[Round "4"]
[White "Sridhar, Yehamandram"]
[Black "Sankar, Tarun"]
[Result "1-0"]
[WhiteElo "1838"]
[BlackElo "1706"]
[PlyCount "71"]
[EventDate "2024.10.10"]
[EventType "swiss"]
[EventRounds "9"]
[EventCountry "USA"]
[SourceTitle "CB43_2024"]
[Source "Chessbase"]
[SourceDate "2024.10.23"]
[SourceVersion "1"]
[SourceVersionDate "2024.10.23"]
[SourceQuality "1"]

1. Nf3 d5 2. g3 c5 3. Bg2 Nc6 4. d4 Nf6 5. 0-0 Bg4 6. Ne5 e6 7. Nxg4 Nxg4 8. e4 Nf6 9. exd5 Nxd5 10. c4 Nb6 11. d5 exd5 12. cxd5 Nd4 13. Be3 Qf6 14. Nc3 Be7 15. Ne4 Qg6 16. Bxd4 cxd4 17. Qxd4 0-0 18. d6 Rfd8 19. Rfd1 f5 20. Qb4 Bf8 21. Qb3+ Kh8 22. Nc5 Rxd6 23. Nxb7 Rxd1+ 24. Rxd1 Re8 25. Nd8 h6 26. Nc6 Nc8 27. Qc3 Qg4 28. Bf3 Qa4 29. b3 Qa6 30. Bh5 Re6 31. Nb8 Qb7 32. Rd8 Kh7 33. Rxf8 Ne7 34. Bf3 Nd5 35. Qd3 Nf4 36. gxf4 1-0

[Event "Dulles Cherry Blossom op 11th"]
[Site "Dulles"]
[Date "2024.05.26"]
[Round "8"]
[White "Gartenlaub, Corin"]
[Black "Sridhar, Yehamandram"]
[Result "1/2-1/2"]
[WhiteElo "1856"]
[BlackElo "2018"]
[PlyCount "49"]
[EventDate "2024.05.22"]
[EventType "swiss"]
[EventRounds "9"]
[EventCountry "USA"]
[SourceTitle "CBM 220 Extra"]
[Source "ChessBase"]
[SourceDate "2024.07.31"]
[SourceVersion "1"]
[SourceVersionDate "2024.07.31"]
[SourceQuality "1"]

1. e4 c5 2. Nf3 d6 3. d4 cxd4 4. Nxd4 Nf6 5. f3 e5 6. Nb3 Be6 7. c4 h6 8. Be3 Be7 9. Nc3 a6 10. Be2 0-0 11. 0-0 Nbd7 12. Rc1 Rc8 13. Nd5 Bxd5 14. cxd5 Nc5 15. Nd2 b5 16. b4 Na4 17. Nb3 Nd7 18. Qd2 Nb8 19. Rxc8 Qxc8 20. Rc1 Qd7 21. Qc2 Bd8 22. Bd3 Re8 23. Kf1 Rf8 24. Ke2 Qb7 25. a3 1/2-1/2

[Event "Dulles Cherry Blossom op 11th"]
[Site "Dulles"]
[Date "2024.05.24"]
[Round "3"]
[White "Sridhar, Yehamandram"]
[Black "Hilby, Craig"]
[Result "0-1"]
[WhiteElo "2018"]
[BlackElo "2401"]
[PlyCount "70"]
[EventDate "2024.05.22"]
[EventType "swiss"]
[EventRounds "9"]
[EventCountry "USA"]
[SourceTitle "CBM 220 Extra"]
[Source "ChessBase"]
[SourceDate "2024.07.31"]
[SourceVersion "1"]
[SourceVersionDate "2024.07.31"]
[SourceQuality "1"]

1. c4 b6 2. Nc3 Bb7 3. Nf3 e6 4. g3 Bb4 5. Bg2 Bxc3 6. bxc3 f5 7. 0-0 Nf6 8. a4 Nc6 9. Ba3 d6 10. Nd4 Qd7 11. d3 0-0 12. Bc1 Na5 13. Bxb7 Nxb7 14. Qb3 Qf7 15. f4 Kh8 16. Qb5 Rae8 17. Ra2 Na5 18. Qb1 Qh5 19. Nf3 e5 20. Qc2 e4 21. Nh4 Re6 22. Qd1 Rfe8 23. d4 c5 24. dxc5 dxc5 25. Rd2 Nxc4 26. Rd8 Rxd8 27. Qxd8+ Re8 28. Qc7 Nd5 29. Qd7 Nxc3 30. Re1 Rf8 31. Qxa7 Nxe2+ 32. Kf2 Nd4 33. Qa6 Qf7 34. Kg1 Qd5 35. Qa7 Re8 0-1

[Event "North American-ch U20"]
[Site "Dulles"]
[Date "2023.12.23"]
[Round "9"]
[White "Su, Kevin"]
[Black "Sridhar, Yehamandram"]
[Result "1-0"]
[WhiteElo "1890"]
[BlackElo "1583"]
[PlyCount "43"]
[EventDate "2023.12.19"]
[EventType "swiss"]
[EventRounds "9"]
[EventCountry "USA"]
[SourceTitle "CBM 217 Extra"]
[Source "ChessBase"]
[SourceDate "2024.01.31"]
[SourceVersion "1"]
[SourceVersionDate "2024.01.31"]
[SourceQuality "1"]

1. d4 Nf6 2. Nc3 g6 3. e4 d6 4. f3 Bg7 5. Be3 0-0 6. Qd2 c6 7. 0-0-0 b5 8. h4 b4 9. Nce2 a5 10. h5 Qc7 11. Bh6 c5 12. g4 b3 13. axb3 a4 14. Bxg7 Kxg7 15. hxg6 fxg6 16. Qh6+ Kg8 17. Nf4 e6 18. Bc4 Qf7 19. g5 d5 20. exd5 Ng4 21. fxg4 Qxf4+ 22. Kb1 1-0